|
|
|
|
| LEADER |
01015nta a2200217 i 4500 |
| 001 |
dokt2230 |
| 005 |
20200406101841.0 |
| 008 |
140522s2014 hu om 0|| eng d |
| 024 |
7 |
|
|a 10.14232/phd.2230
|2 doi
|
| 024 |
7 |
|
|a 2780756
|2 mtmt
|
| 040 |
|
|
|a SZTE Doktori Repozitórium
|b hun
|
| 041 |
|
|
|a eng
|
| 100 |
1 |
|
|a Kovács Béla
|
| 245 |
1 |
4 |
|a The role of bacterial hypermutation in biofilm formation and antibiotic resistance in urinary tract infections caused by pathogens of the Enterobacteriaceae family
|h [elektronikus dokumentum] /
|c Kovács Béla
|
| 260 |
|
|
|c 2014-05-26
|
| 502 |
|
|
|a Disszertacio
|
| 650 |
|
4 |
|a klinikai orvostudományok
|
| 700 |
1 |
|
|a Tenke Péter
|e ths
|
| 856 |
4 |
0 |
|u https://doktori.bibl.u-szeged.hu/id/eprint/2230/1/Kovacs_%20Bela_dr_ertekezes.pdf
|z Dokumentum-elérés
|
| 856 |
4 |
0 |
|u https://doktori.bibl.u-szeged.hu/id/eprint/2230/12/Kovacs_Bela_tezisfuzet_eng.pdf
|z Dokumentum-elérés
|
| 856 |
4 |
0 |
|u https://doktori.bibl.u-szeged.hu/id/eprint/2230/19/2014_kovacs_bela_publikaciok.pdf
|z Dokumentum-elérés
|